000
00238 a2200097 4500
001
59720
100
_a
245
_a
Computer education for teachers
260
_a
California
_b
John Willey & Sons,Ltd
_c
2009
090
_c
36602
_d
36602
942
_a
NUST-CAE
_c
MONOGRAPH
_c
29561
999
_c
294793
_d
294793